Warehousing Stategy : (Record no. 4404)

MARC details
000 -LEADER
fixed length control field 00774nam a2200181 a 4500
005 - DATE AND TIME OF LATEST TRANSACTION
control field 20260112063317.0
039 #9 - LEVEL OF BIBLIOGRAPHIC CONTROL AND CODING DETAIL [OBSOLETE]
-- 201406041156
-- staff
082 ## - DEWEY DECIMAL CLASSIFICATION NUMBER
Classification number 658.7
Item number DAS
100 ## - MAIN ENTRY--PERSONAL NAME
Personal name Das, Anupam (2012PGP014)
245 ## - TITLE STATEMENT
Title Warehousing Stategy :
Remainder of title Should SLL own or lease its warehouses for long-term financial soundness? - Advantages and recommendations /
Statement of responsibility, etc. Anupam Das
260 ## - PUBLICATION, DISTRIBUTION, ETC.
Place of publication, distribution, etc. Shillong:
Name of publisher, distributor, etc. Rajiv Gandhi Indian Institute of Management,
Date of publication, distribution, etc. 2014
300 ## - PHYSICAL DESCRIPTION
Extent 37p. :
Dimensions 29cm
490 ## - SERIES STATEMENT
Series statement Summer Internship Report submitted in partial fulfillment of the requirements for the award of the Post Graduate Diploma in Management (2012-2014)
650 ## - SUBJECT ADDED ENTRY--TOPICAL TERM
Topical term or geographic name entry element Warehouse
General subdivision Management
991 ## -
-- VIRTUA40
991 ## -
-- VTLSSORT0080*0820*1000*2450*2600*3000*4900*6500*9992
909 ## -
-- 4933
Holdings
Withdrawn status Lost status Damaged status Not for loan Home library Current library Date acquired Total checkouts Full call number Barcode Copy number Koha item type
        Indian Institute Of Management, Shillong Indian Institute Of Management, Shillong 04/06/2014   658.7 DAS 0011150   Reports
Copyright © 2026 Indian Institute of Management Shillong. All Rights Reserved.